[Event "Budapest FS04 IM-A"]
[Site "Budapest"]
[Date "2002.04.03"]
[Round "2"]
[White "Balogh, Viktor"]
[Black "Bors, Tamas"]
[Result "0-1"]
[WhiteElo "2236"]
[BlackElo "2250"]
[PlyCount "144"]
[EventDate "2002.04.02"]
[EventType "tourn"]
[EventRounds "9"]
[EventCountry "HUN"]
[EventCategory "2"]
[SourceTitle "CBM 087 Extra"]
[Source "ChessBase"]
[SourceDate "2002.05.03"]
[SourceVersion "2"]
[SourceVersionDate "2002.08.09"]
[SourceQuality "1"]

1. e4 c5 2. Nf3 g6 3. d4 Bg7 4. Nc3 cxd4 5. Nxd4 Nc6 6. Be3 Nf6 7. Bc4 d6 8. Bb3 Ng4 9. 0-0 Nxe3 10. fxe3 0-0 11. Nce2 Ne5 12. Qe1 Bd7 13. Qg3 Rc8 14. Nf4 Kh8 15. Nf3 Nxf3+ 16. Rxf3 e6 17. Raf1 Qe7 18. c3 Bb5 19. R1f2 Bc6 20. Bc2 b5 21. h4 Be5 22. Qg4 f5 23. Qh3 fxe4 24. Rg3 Rf5 25. Rg5 Rcf8 26. g4 Bxf4 27. Rxf5 exf5 28. Rxf4 Bd7 29. gxf5 gxf5 30. Bxe4 Rg8+ 31. Bg2 Bc6 32. Rf2 f4 33. exf4 Qe1+ 34. Rf1 Bxg2 35. Rxe1 Bxh3+ 36. Kh2 Bf5 37. Re7 Rg4 38. Rxa7 Rxf4 39. Kg3 Rg4+ 40. Kf3 Rxh4 41. Ra8+ Kg7 42. Rb8 Bd3 43. Ke3 Rh3+ 44. Kd4 Bc4 45. b3 Bf1 46. Kd5 Rxc3 47. Kxd6 h5 48. Ke5 h4 49. Kf4 h3 50. Rb7+ Kg6 51. Rb6+ Kf7 52. Rh6 Rc2 53. a4 bxa4 54. bxa4 Rc4+ 55. Kg3 Rxa4 56. Kh2 Kg7 57. Rh5 Kg6 58. Rh8 Ra2+ 59. Kg3 Ra3+ 60. Kh2 Bg2 61. Kg1 Kg5 62. Kh2 Kf4 63. Rf8+ Ke3 64. Rf6 Ke2 65. Rf2+ Ke1 66. Rf8 Re3 67. Rf6 Re2 68. Rf8 Bf1+ 69. Kg1 Rg2+ 70. Kh1 Rf2 71. Rh8 Be2 72. Rxh3 Kf1 0-1

[Event "HUN-chT 0102"]
[Site "Hungary"]
[Date "2002.03.03"]
[Round "8"]
[White "Glatt, Gabor"]
[Black "Balogh, Viktor"]
[Result "1-0"]
[WhiteElo "2273"]
[BlackElo "2234"]
[PlyCount "91"]
[EventDate "2001.??.??"]
[EventType "team-tourn"]
[EventRounds "11"]
[EventCountry "HUN"]
[SourceTitle "EXT 2004"]
[Source "ChessBase"]
[SourceDate "2003.11.25"]
[SourceVersion "1"]
[SourceVersionDate "2003.11.25"]
[SourceQuality "1"]

1. e4 c5 2. Nf3 Nc6 3. d4 cxd4 4. Nxd4 Nf6 5. Nc3 d6 6. Bg5 a6 7. Qd2 Nxd4 8. Qxd4 Qa5 9. f4 e5 10. Qd2 Be7 11. f5 b5 12. Bxf6 Bxf6 13. Nd5 Qxd2+ 14. Kxd2 Bg5+ 15. Kc3 Rb8 16. b4 Bb7 17. a4 Bxd5 18. exd5 Ke7 19. axb5 Rhc8+ 20. Kb3 axb5 21. Bd3 Bd2 22. Rhd1 Bc3 23. Ra8 Kf6 24. Ra6 Ke7 25. Rc6 Rxc6 26. dxc6 Bd4 27. c3 Be3 28. Be4 g6 29. f6+ Kxf6 30. Rxd6+ Kg5 31. Rd7 Rc8 32. Rxf7 h6 33. Bd5 Bg1 34. g3 e4 35. h4+ Kh5 36. Rb7 Bf2 37. Rxb5 Rc7 38. Bxe4+ Kg4 39. Rb8 Bxg3 40. Rg8 g5 41. hxg5 hxg5 42. b5 Bf2 43. Rf8 Bg1 44. Kb4 Bb6 45. c4 Re7 46. Bf5+ 1-0

[Event "HUN-chT 0102"]
[Site "Hungary"]
[Date "2002.02.10"]
[Round "7"]
[White "Balogh, Viktor"]
[Black "Kis, Bela"]
[Result "1/2-1/2"]
[WhiteElo "2234"]
[BlackElo "2167"]
[PlyCount "43"]
[EventDate "2001.??.??"]
[EventType "team-tourn"]
[EventRounds "11"]
[EventCountry "HUN"]
[SourceTitle "EXT 2004"]
[Source "ChessBase"]
[SourceDate "2003.11.25"]
[SourceVersion "1"]
[SourceVersionDate "2003.11.25"]
[SourceQuality "1"]

1. e4 e5 2. Nf3 Nc6 3. Bb5 a6 4. Ba4 d6 5. h3 Nf6 6. d3 Be7 7. c3 0-0 8. 0-0 b5 9. Bb3 Na5 10. Bc2 c5 11. Re1 Re8 12. d4 Qc7 13. b3 cxd4 14. cxd4 Nc6 15. Bb2 Nb4 16. Bd3 Bf8 17. Nc3 Nxd3 18. Qxd3 Bb7 19. a3 Rac8 20. Rac1 Qb8 21. d5 g6 22. Ne2 1/2-1/2